Statistics for Countries with the Least Precipitation

Click here to take the quiz!

General Stats

  • This quiz has been taken 29,516 times
  • The average score is 15 of 21

Answer Stats

Precipitation Country % Correct
1.81 cmEgypt
94%
5.9 cmSaudi Arabia
90%
5.6 cmLibya
86%
21.6 cmIraq
86%
22.8 cmIran
85%
16.7 cmYemen
85%
8.9 cmAlgeria
85%
12.5 cmOman
84%
7.8 cmUnited Arab Emirates
82%
7.4 cmQatar
80%
20.7 cmTunisia
78%
12.1 cmKuwait
77%
11.1 cmJordan
75%
8.3 cmBahrain
70%
15.1 cmNiger
68%
24.1 cmMongolia
61%
9.2 cmMauritania
59%
16.1 cmTurkmenistan
46%
20.6 cmUzbekistan
45%
22.0 cmDjibouti
43%
22.8 cmCape Verde
11%

Score Distribution

Percentile by Number Answered

Percent of People with Each Score

Your Score History

You have not taken this quiz